Stray Kids Songs (starting with the letter C) - Statistics

General Stats
  • This quiz has been taken 78 times
  • The average score is 10 of 25
Answer Stats
Songs % Correct
Charmer
69%
Chk Chk Boom
65%
CASE 143
62%
CEREMONY
62%
Chronosaurus
62%
CHEESE
56%
CIRCUS
56%
Cover Me
56%
Can't Stop (Seungmin & I.N)
50%
Christmas EveL
50%
CREED
50%
CHILL
48%
Christmas Love
48%
COMFLEX
48%
CINEMA (Lee Know & Seungmin)
40%
Connected (Bang Chan)
37%
Come Play (from the series Arcane League of Legends)
33%
Close (HAN)
31%
Collision
31%
Call
27%
Close to You (Seungmin)
15%
Contradicting (Hyunjin)
13%
Cypher (Changbin)
10%
Can I Call You (Changbin & Hyunjin)
6%
찬스 CHANCE "한 장 더" (Felix & Bang Chan)
4%
No matching quizzes found
Score Distribution
Percent of People with Each Score
Percentile by Number Answered
Your Score History
You have not taken this quiz